00501nam a2200169Ia 4500003000900000008004100009020001800050040001600068080002100084245005100105260003700156300001600193490003800209650004100247650002100288700002200309IN-BaIIA211028s9999 xx 000 0 eng d a90-277-2734-1 cIIA Library a063:52bIAU-T20A 0aReports on astronomycedited by J. P. Swings  aDordrechtbKluwer Academicc1988 aviii, 708p. aTransactions of the IAU; vol. XXA aAstronomy and Astrophysics Thesaurus aIAU Transactions aSwings, J. P. ed.